Los catalanes en Grecia : (Record no. 133272)
[ view plain ]
| 000 -LEADER | |
|---|---|
| campo de control de longitud fija | 01013nam a2200277 i 4500 |
| 001 - NÚMERO DE CONTROL | |
| campo de control | 133272 |
| 003 - IDENTIFICADOR DE NÚMERO DE CONTROL | |
| campo de control | ES-MaACL |
| 005 - FECHA Y HORA DE LA ÚLTIMA TRANSACCIÓN | |
| campo de control | 20260119115736.0 |
| 007 - CAMPO FIJO DE DESCRIPCIÓN FÍSICA--INFORMACIÓN GENERAL | |
| campo de control de longitud fija | t| |
| 008 - DATOS DE LONGITUD FIJA--INFORMACIÓN GENERAL | |
| campo de control de longitud fija | 070214s1927 sp |||| | spa d |
| 080 ## - NÚMERO DE LA CLASIFICACIÓN DECIMAL UNIVERSAL | |
| Número de la Clasificación Decimal Universal | 327(460.23:495.1)"13" |
| 080 ## - NÚMERO DE LA CLASIFICACIÓN DECIMAL UNIVERSAL | |
| Número de la Clasificación Decimal Universal | 949.51"13" |
| 100 1# - ENTRADA PRINCIPAL--NOMBRE DE PERSONA | |
| Nombre de persona | Rubió i Lluch, Antoni, |
| Fechas asociadas al nombre | 1856-1937 |
| 9 (RLIN) | 162810 |
| 245 14 - MENCIÓN DEL TÍTULO | |
| Título | Los catalanes en Grecia : |
| Resto del título | últimos años de su dominación : cuadros históricos / |
| Mención de responsabilidad, etc. | A. Rubió y Lluch. |
| 260 ## - PUBLICACIÓN, DISTRIBUCIÓN, ETC. | |
| Lugar de publicación, distribución, etc. | Madrid : |
| Nombre del editor, distribuidor, etc. | Voluntad, |
| Fecha de publicación, distribución, etc. | 1927. |
| 300 ## - DESCRIPCIÓN FÍSICA | |
| Extensión | 280 p. ; |
| Dimensiones | 17 cm. |
| 490 1# - MENCIÓN DE SERIE | |
| Mención de serie | Colección de manuales hispania ; |
| Designación de volumen o secuencia | 1. Serie F |
| 530 ## - NOTA DISPONIBLE DE FORMULARIO FÍSICO ADICIONAL | |
| Nota de formato físico adicional disponible | Disponible en formato digital. |
| 650 #4 - PUNTO DE ACCESO ADICIONAL DE MATERIA--TÉRMINO DE MATERIA | |
| Término de materia o nombre geográfico como elemento de entrada | Almogávares- |
| Subdivisión general | Historia. |
| 9 (RLIN) | 162820 |
| 651 #4 - PUNTO DE ACCESO ADICIONAL DE MATERIA--NOMBRE GEOGRÁFICO | |
| Nombre geográfico | Atenas- |
| Subdivisión general | Historia- |
| Subdivisión cronológica | 1205-1458, Ducado. |
| 9 (RLIN) | 162821 |
| 830 1# - PUNTO DE ACCESO ADICIONAL DE SERIE-TÍTULO UNIFORME | |
| Título uniforme | Colección de manuales hispania ; |
| Designación de volumen o secuencia | 1. Serie F |
| 9 (RLIN) | 219716 |
| 852 4# - LOCALIZACIÓN | |
| Ubicación | ES-MaACL |
| Número de control de estantería | D-8952 |
| Ubicación en estantería | Sala Valle Inclán |
| 856 4# - LOCALIZACIÓN Y ACCESO ELECTRÓNICOS | |
| Identificador Uniforme de Recursos | <a href="http://bdh-rd.bne.es/viewer.vm?id=0000229440&page=1 ">http://bdh-rd.bne.es/viewer.vm?id=0000229440&page=1 </a> |
| Texto de enlace | (Biblioteca Digital Hispánica) |
| 942 ## - ELEMENTOS DE ENTRADA SECUNDARIOS (KOHA) | |
| Fuente del sistema de clasificación o colocación | Clasificación decimal universal |
| Estatus retirado | Estado de pérdida | Estado de daño | No para préstamo | Colección | Biblioteca de origen | Biblioteca actual | Ubicación en estantería | Fecha de adquisición | Fuente de adquisición | Total de préstamos | Signatura topográfica completa | Código de barras | Visto por última vez | Precio de reemplazo | Tipo de ítem Koha |
|---|---|---|---|---|---|---|---|---|---|---|---|---|---|---|---|
| Colección digital | Biblioteca del Ateneo de Madrid | Biblioteca del Ateneo de Madrid | Sala Valle Inclán | 17/01/2008 | D-8952 | 901138738 | 23/02/2023 | 23/02/2023 | Libro impreso |
